000 00537nam a22001097a 4500
082 _a160
100 _aGuider
_979384
245 _a50, प्रैक्टिस सेट्स रीजनिग एस एस सी, रेलवे, पुलिस आर्मी एवं अन्‍य सभी एकदिवसीय परीक्षाओं के लिए उपयाेगी
260 _aनई दिल्‍ली
_bGuider Competitive Group
_c2020
650 _aतर्कशक्ति
_973188
942 _cHIN
999 _c63038
_d63038